|
|
|
|
| LEADER |
00000nab a2200000 a 4500 |
| 001 |
vtls000101811 |
| 003 |
SK-MaSNL |
| 005 |
20260303223344.0 |
| 008 |
111031c1981 xo 0 slo |
| 015 |
|
|
|a SNBRA19rr/mm-uuuuu
|
| 035 |
|
|
|a CL0111914
|
| 040 |
|
|
|a SNKBUCL
|b slo
|c SNKBUCL
|e AACR2
|
| 041 |
0 |
|
|a slo
|
| 044 |
|
|
|a xo
|c SK
|
| 080 |
|
|
|a 633.2/.3
|2 1981
|
| 100 |
1 |
|
|a Kašper, Ján
|4 aut
|9 387116
|
| 245 |
1 |
0 |
|a Uplatnenie rozdielnych typov siatych pasienkových porastov v horskej oblasti
|c Ján Kašper
|
| 300 |
|
|
|b Tb. 4. Graf. 3. Res. rus., angl.
|
| 650 |
0 |
7 |
|a pasienky
|2 snkbucl
|9 15081
|
| 650 |
0 |
7 |
|a trávne porasty
|2 snkbucl
|9 3678
|
| 655 |
|
7 |
|a články zo zborníkov
|2 snkbucl
|9 166140
|
| 773 |
0 |
|
|t Vedecké práce Výskumného ústavu lúk a pasienkov v Banskej Bystrici 16
|d Bratislava : Príroda, 1981
|g S. 121-132
|
| 850 |
|
|
|a Slovenská národná knižnica v Martine
|a MTA001
|
| 852 |
|
|
|a SNK
|b KIS3GCP
|
| 958 |
|
|
|a RK
|
| 992 |
|
|
|a RZB
|
| 999 |
|
|
|c 2247397
|d 2249327
|